| Tag |
First Indicator |
Second Indicator |
Subfields |
| LEADER |
00000cam a22000001a 4500 |
| 001 |
in00003336321 |
| 006 |
m d f |
| 007 |
cr bn mmmapmmp |
| 008 |
101209s2006 dcu o f000 0 eng d |
| 005 |
20260430231033.9 |
| 035 |
|
|
|a cis2007856805
|
| 040 |
|
|
|a ProQuest
|c ProQuest
|d UtOrBLW
|
| 043 |
|
|
|a n-us---
|
| 099 |
|
|
|a CRS-2006-RSI-0020
|
| 110 |
2 |
|
|a Library of Congress.
|b Congressional Research Service.
|
| 245 |
1 |
0 |
|a Soil and Water Conservation Issues.
|
| 264 |
|
1 |
|a [Place of publication not identified] :
|b [publisher not identified],
|c 2006.
|
| 300 |
|
|
|a 1 online resource.
|
| 336 |
|
|
|a text
|b txt
|2 rdacontent
|
| 337 |
|
|
|a computer
|b c
|2 rdamedia
|
| 338 |
|
|
|a online resource
|b cr
|2 rdacarrier
|
| 500 |
|
|
|a Record is based on bibliographic data in ProQuest U.S. Congressional Research Digital Collection (last viewed Dec. 2010). Reuse except for individual research requires license from ProQuest, LLC.
|
| 500 |
|
|
|a CRS Report.
|
| 520 |
|
|
|a Provides background on the evolution of issues regarding Federal conservation of soil and water resources, and reviews current major conservation activities concerning the conservation reserve program, environmental quality incentives program, conservation security program, wetlands and agriculture, technical assistance, and other select activities. Discusses implementation of conservation programs and provisions in the 2002 farm bill, reviews conservation appropriations, and summarizes 2007 farm bill considerations.
|
| 500 |
|
|
|a Electronic resource.
|
| 650 |
|
0 |
|a Agriculture and state.
|
| 650 |
|
0 |
|a Agricultural pollution.
|
| 650 |
|
0 |
|a Air
|x Pollution.
|
| 655 |
|
7 |
|a Electronic books.
|2 local
|
| 710 |
2 |
|
|a ProQuest (Firm)
|
| 776 |
0 |
8 |
|i Microfiche version:
|a Library of Congress. Congressional Research Service.
|t Soil and Water Conservation Issues
|
| 830 |
|
0 |
|a U.S. Congressional Research.
|
| 856 |
4 |
0 |
|u http://proxy.library.tamu.edu/login?url=https://congressional.proquest.com/congcomp/getdoc?CRDC-ID=CRS-2006-RSI-0020
|z Connect to the full text of this electronic book
|t 0
|
| 999 |
|
|
|a MARS
|
| 999 |
f |
f |
|s 5fe0dc50-b1f3-3efc-a01d-1511eb8d9c84
|i dce823e7-47f4-3fc6-b543-73866adaf9e9
|t 0
|
| 952 |
f |
f |
|a Texas A&M University
|b College Station
|c Electronic Resources
|s www_evans
|d Available Online
|t 0
|e CRS-2006-RSI-0020
|h Other scheme
|
| 998 |
f |
f |
|a CRS-2006-RSI-0020
|t 0
|l Available Online
|